00643nam a2200169 a 450000100100000000500170001000800410002704000250006810000350009324500500012826000440017830000250022250000700024750000340031795201050035199900170045600003941920201002031636.0130626s2007 dr ac 000 0 spa d aDO-SdBNPbspacBNPHU1 aLeón Bello, Freddy de96561610aHistoria de Yamasa /cFreddy de León Bello. a[Santo Domingo] :bSena Pérez,c2007. av. :bils. ;c23 cm. aIncluye datos biográficos del autor en la solapa de la cubierta aLa biblioteca posee el tomo I 0010718PDaPDbPDcCTd2013-06-26iLF1l0o p39419-10r2020-06-25w2020-06-25yLFPDZNo se presta c38909d38909